Obálka Náhled e-knihy:
PDF Epub
Pro půjčování e-knih musíte být přihlášeni.
Jak si půjčit online?

Všechno je v pořádku, všude je láska /

Uznávaný slovenský básník a překladatel sepsal příběhy unavených anonymních lidí kdesi na pomezí reality a horečnatých snů - příběhy o neschopnosti uniknout z míst, která si nosíme všude s sebou.

Uloženo v:
Hlavní autor: Tallo, Michal, 1993- (Autor)
Další autoři: Bekešová, Martina, 1973- (Autor)
Médium: E-kniha
Jazyk:Czech
Vydáno: V Praze : Paseka, 2025
Vydání:Vydání první
Témata:
Tagy:
Žádné tagy
LEADER 02252nam a2200409 i 4500
001 297569
003 CZ PrSKC
005 20260414063121.0
007 ta
008 251105s2025 xr g 000 j cze
015 |a cnb003719141 
020 |a 9788076375772  |q (brožováno) 
035 |a (OCoLC)1572322690 
040 |a ABG001  |b cze  |e rda 
041 1 |a cze  |h slo 
072 7 |a 821.162.4  |x Slovenská literatura  |2 Konspekt 
080 |a 821.162.4-32  |2 MRF 
080 |a (0:82-32)  |2 MRF 
100 1 |a Tallo, Michal,  |d 1993-  |7 js2018995399  |4 aut 
240 1 0 |a Všetko je v poriadku, všade je láska.  |l Česky 
245 1 0 |a Všechno je v pořádku, všude je láska /  |c Michal Tallo ; přeložila Martina Bekešová 
250 |a Vydání první 
264 1 |a V Praze :  |b Paseka,  |c 2025 
300 |a 155 stran ;  |c 20 cm 
336 |a text  |b txt  |2 rdacontent 
337 |a bez média  |b n  |2 rdamedia 
338 |a svazek  |b nc  |2 rdacarrier 
500 |a Přeloženo ze slovenštiny 
520 2 |a Uznávaný slovenský básník a překladatel sepsal příběhy unavených anonymních lidí kdesi na pomezí reality a horečnatých snů - příběhy o neschopnosti uniknout z míst, která si nosíme všude s sebou.  |b Dvě velmi odlišné ženy, které se seznámily na internetu, společně vyrážejí do lázní na dovolenou. Do opuštěné osady daleko od civilizace přichází dokumentaristka. Po celém městě se uprostřed noci zničehonic zjeví záhadné stavby. Pár se v malém bytě stará o zvláštní tělo. V cukrárně na předměstí pravidelně pláčou muži. Nakladatelská anotace. Kráceno. 
655 7 |a slovenské povídky  |7 fd133449  |2 czenas 
655 9 |a Slovak short stories  |2 eczenas 
700 1 |a Bekešová, Martina,  |d 1973-  |7 js20030407003  |4 trl 
900 |a ABA001  |b 20 
044 |a xr 
910 |a RBIT002 
998 |d 424968  |a https://core.palmknihy.cz/api/books/424968/cover?tbom8q  |b https://core.palmknihy.cz/api/books/424968/cover/400?tbom8q  |c https://core.palmknihy.cz/api/books/424968/cover/50?tbom8q  |e 2034-10-31  |g 160  |i 9788076375772  |j https://core.palmknihy.cz/api/books/424968/preview.epub  |k https://core.palmknihy.cz/api/books/424968/preview.pdf  |l   |q 49  |r 1  |s https://www.palmknihy.cz/kniha/424968  |t ebook  |y 2025  |z 0 
999 |d 297567